000 00490nam a2200169Ia 4500
999 _c24931
_d24931
003 OSt
005 20201215150230.0
008 190216s9999||||xx |||||||||||||| ||und||
040 _coclc
082 _a894.8124
_bNAM/M
100 _aNambiyar, P Sankaran
_97045
245 0 _aMakarandamanjari /
_cP Sankaran Nambiyar
260 _bSahakarana Sangam,
_aKottayam:
_c1949.
300 _a95p
650 _aLekhanam
942 _cBK
_2ddc
_h894.8124
_iNAM/M
_k894.8124
_mNAM/M